Detalles MARC
| 000 -CABECERA |
| campo de control de longitud fija |
01699cam a2200289 i 4500 |
| 001 - NÚMERO DE CONTROL |
| campo de control |
15628 |
| 003 - IDENTIFICADOR DEL NÚMERO DE CONTROL |
| campo de control |
DO-SdUEMH |
| 005 - FECHA Y HORA DE LA ÚLTIMA TRANSACCIÓN |
| campo de control |
20260102155334.0 |
| 007 - CAMPO FIJO DE DESCRIPCIÓN FÍSICA--INFORMACIÓN GENERAL |
| campo de control de longitud fija |
ta |
| 008 - DATOS DE LONGITUD FIJA--INFORMACIÓN GENERAL |
| campo de control de longitud fija |
211105s2009 dr |||gr|||| 000 0dspa|d |
| 040 ## - FUENTE DE LA CATALOGACIÓN |
| Centro catalogador/agencia de origen |
DO-SdUEMH |
| Lengua de catalogación |
spa |
| Normas de descripción |
rda |
| 041 ## - CÓDIGO DE LENGUA |
| Código de lengua del texto/banda sonora o título independiente |
spa |
| 082 14 - NÚMERO DE LA CLASIFICACIÓN DECIMAL DEWEY |
| Colección |
Colección Dominicana |
| Número de clasificación |
RD 174 S583E |
| Número de documento/Ítem |
S583e |
| 084 ## - OTRO NÚMERO DE CLASIFICACIÓN |
| Item number |
10-00465 |
| 100 ## - ENTRADA PRINCIPAL--NOMBRE DE PERSONA |
| Nombre de persona |
Silié Gatón, José A. |
| Término indicativo de función/relación |
autor |
| 245 10 - MENCIÓN DE TÍTULO |
| Título |
Ética profesional / |
| Mención de responsabilidad, etc. |
José A. Silié Gatón ; prólogo: Víctor Melito Rodríguez R. |
| 260 ## - PUBLICACIÓN, DISTRIBUCIÓN, ETC. |
| Date of publication, distribution, etc. |
2009 |
| 264 01 - PRODUCCIÓN, PUBLICACIÓN, DISTRIBUCIÓN, FABRICACIÓN Y COPYRIGHT |
| Lugar de producción, publicación, distribución, fabricación |
Santo Domingo, República Dominicana : |
| Fecha de producción, publicación, distribución, fabricación o copyright |
2009 |
| 300 ## - DESCRIPCIÓN FÍSICA |
| Extensión |
224 paginas : |
| Dimensiones |
20 cm. |
| 336 ## - TIPO DE CONTENIDO |
| Fuente |
rdacontent |
| Término de tipo de contenido |
texto |
| Código de tipo de contenido |
txt |
| 337 ## - TIPO DE MEDIO |
| Fuente |
rdamedia |
| Nombre del tipo de medio |
sin mediación |
| Código del tipo de medio |
n |
| 338 ## - TIPO DE SOPORTE |
| Fuente |
rdacarrier |
| Nombre del tipo de soporte |
volumen |
| Código del tipo de soporte |
nc |
| 504 ## - NOTA DE BIBLIOGRAFÍA, ETC. |
| Nota de bibliografía, etc. |
Bibliografías en paginas 223-224 |
| 505 2# - NOTA DE CONTENIDO CON FORMATO |
| Nota de contenido con formato |
Fundamentos de la ética -- Finalidades de la ética -- Concepto de moral y ética -- La virtud como disciplina del espíritu -- Emancipación de la moral -- Ética aplicada -- Concepto de la obligatoriedad ética -- Responsabilidad ética -- Ética marxista -- Deberes generales -- Deberes primarios -- Fundamentos profesionales -- Deberes profesionales -- Profesión docente -- Administración de empresas -- Administración pública -- Contabilidad -- Profesión de abogado -- Periodismo -- Deberes particulares -- Carácter -- Responsabilidad -- La palabra -- El juramento -- Honorarios -- Técnica profesional -- Práctica del secreto profesional -- Teoría del secreto profesional -- El secreto profesional convencional -- Maniobras profesionales -- Maniobras fraudulentas en las ventas -- Maniobras para obtener comisiones y corretajes -- Estafa en las operaciones financieras. |
| 942 ## - ELEMENTOS DE PUNTO DE ACCESO ADICIONAL (KOHA) |
| Fuente del sistema de clasificación o colocación |
Dewey Decimal Classification |
| Tipo de ítem Koha |
Libro |
| Suprimir en OPAC |
No |